000 00621nam a22002177a 4500
001 5641
003 FISKH
005 20250108122729.0
008 250108b cb ||||| |||| 00| 0 eng d
020 _a9780974529226
040 _aFISKH
_beng
_cFISKH
_dFISKH
050 _aPE1628.B47
082 _a423
245 _aThe best dictionary for students /
_cDictionary Project
260 _aCharleston :
_bThe Dictionary Project, Inc ;
_c2008.
300 _a366 pages :
_billustrations, maps ;
_c20 cm .
650 _areference
_vnon-fiction
650 _adictionaries
_vnon-fiction
942 _2ddc
_cBK
_n0
999 _c5641
_d5641